| 000 | 00957nam2a22002411 4500 | ||
|---|---|---|---|
| 001 | rc\5541 | ||
| 005 | 20250620120820.0 | ||
| 010 |
_a5-253-00761-X _950000 |
||
| 035 | _a(NLR Aleph) 005309769 | ||
| 090 |
_a6374012 _c6374012 |
||
| 100 | _a20021204d1993 |||y0rusy50 ca | ||
| 101 | 0 | _arus | |
| 102 | _aRU | ||
| 105 | _ay ||||||||| | ||
| 200 | 1 |
_aФоста _eПер. с фр.] _f[Пер. О.А. Артамонова] |
|
| 210 |
_d1993 _aБ. м. |
||
| 215 | _a446, [1] с. | ||
| 461 | 0 |
_1001rc\5538 _12001#$aПардайяны$e[Романы$eВ 10 т.]$fМишель Зевако$g[Перевод с фр. О. Артамонова]$vКн. 3 _1700#1$aЗевако$bМ.$gМишель$f1860-1918 _96373986 _aЗевако, М. (1860-1918) _cМ. _d1993- _fМишель Зевако _nПресса _o[Романы : В 10 т.] _tПардайяны _vКн. 3 |
|
| 801 | 0 |
_aRU _bNLR _gpsbo |
|
| 801 | 1 |
_aRU _bELAR _2rusmarc |
|
| 852 |
_aNLR _j93-3/7889 |
||
| 942 | _cBOOK | ||
| 980 | _aNB | ||